<?xml version="1.0" encoding="UTF-8"?><?xml-stylesheet type="text/xsl" href="static/style.xsl"?><OAI-PMH xmlns="http://www.openarchives.org/OAI/2.0/" xmlns:xsi="http://www.w3.org/2001/XMLSchema-instance" xsi:schemaLocation="http://www.openarchives.org/OAI/2.0/ http://www.openarchives.org/OAI/2.0/OAI-PMH.xsd"><responseDate>2026-05-15T05:25:00Z</responseDate><request verb="GetRecord" identifier="oai:riubu.ubu.es:10259/11627" metadataPrefix="marc">https://riubu.ubu.es/oai/request</request><GetRecord><record><header><identifier>oai:riubu.ubu.es:10259/11627</identifier><datestamp>2026-05-15T00:05:41Z</datestamp><setSpec>com_10259_8983</setSpec><setSpec>com_10259_5086</setSpec><setSpec>com_10259_2604</setSpec><setSpec>col_10259_8984</setSpec></header><metadata><record xmlns="http://www.loc.gov/MARC21/slim" xmlns:doc="http://www.lyncode.com/xoai" xmlns:xsi="http://www.w3.org/2001/XMLSchema-instance" xmlns:dcterms="http://purl.org/dc/terms/" xsi:schemaLocation="http://www.loc.gov/MARC21/slim http://www.loc.gov/standards/marcxml/schema/MARC21slim.xsd">
<leader>00925njm 22002777a 4500</leader>
<datafield tag="042" ind1=" " ind2=" ">
<subfield code="a">dc</subfield>
</datafield>
<datafield tag="720" ind1=" " ind2=" ">
<subfield code="a">Gorakifard, Mohsen</subfield>
<subfield code="e">author</subfield>
</datafield>
<datafield tag="720" ind1=" " ind2=" ">
<subfield code="a">Sierra Garcia, Jesús Enrique</subfield>
<subfield code="e">author</subfield>
</datafield>
<datafield tag="720" ind1=" " ind2=" ">
<subfield code="a">Kian Far, Ehsan</subfield>
<subfield code="e">author</subfield>
</datafield>
<datafield tag="260" ind1=" " ind2=" ">
<subfield code="c">2026-04</subfield>
</datafield>
<datafield tag="520" ind1=" " ind2=" ">
<subfield code="a">Tire extrusion is a thermo-mechanical process in advanced tire manufacturing in which compound rheology, die/tooling design, and operating history jointly govern dimensional accuracy, stability, scrap, and downstream performance. This study provides a systematic review and bibliometric analysis of tire-extrusion research published between 2000 and early 2025 using an integrated Scopus–Web of Science corpus enriched with OpenAlex, CrossRef, and OpenCitations, complemented by automated keyword completion (YAKE) and cited-reference completion. We map production and collaboration patterns and reveal conceptual and intellectual structures using co-word/thematic analysis, thematic evolution, co-citation networks, and Reference Publication Year Spectroscopy (RPYS). To mitigate terminology-driven topic drift and enable engineering-centred interpretation, we introduce a technology-depth sensitivity (scope-control) layer that separates a broad tire-related corpus from nested, technology-explicit extrusion cores and organizes evidence through non-exclusive tagging by engineering degrees of freedom (rheology/constitutive behaviour; tooling/flow/die engineering; extrusion hardware/process window; simulation/CAE; monitoring/control). Results show that the broad corpus is dominated by materials/circular-economy themes, whereas the technology-explicit cores reveal a distinct process-engineering and CAE stream centred on die design, flow balancing, constitutive modelling, and simulation-supported optimisation. Finally, we translate these findings into actionable industrial levers and KPI-level implications for tire-profile extrusion/co-extrusion, including gauge stability, interface integrity, thermal hotspots/scorch risk, and reduced die-qualification time.</subfield>
</datafield>
<datafield tag="024" ind2=" " ind1="8">
<subfield code="a">0268-3768</subfield>
</datafield>
<datafield tag="024" ind2=" " ind1="8">
<subfield code="a">https://hdl.handle.net/10259/11627</subfield>
</datafield>
<datafield tag="024" ind2=" " ind1="8">
<subfield code="a">10.1007/s00170-026-17901-4</subfield>
</datafield>
<datafield tag="024" ind2=" " ind1="8">
<subfield code="a">1433-3015</subfield>
</datafield>
<datafield ind1=" " ind2=" " tag="653">
<subfield code="a">Tire extrusion</subfield>
</datafield>
<datafield ind1=" " ind2=" " tag="653">
<subfield code="a">Co-extrusion</subfield>
</datafield>
<datafield ind1=" " ind2=" " tag="653">
<subfield code="a">Bibliometric</subfield>
</datafield>
<datafield ind1=" " ind2=" " tag="653">
<subfield code="a">Scope control</subfield>
</datafield>
<datafield ind1=" " ind2=" " tag="653">
<subfield code="a">Rheology</subfield>
</datafield>
<datafield ind1=" " ind2=" " tag="653">
<subfield code="a">Computer-aided Engineering (CAE)</subfield>
</datafield>
<datafield tag="245" ind1="0" ind2="0">
<subfield code="a">Polymer extrusion processes in tire manufacturing: a systematic review and bibliometric analysis</subfield>
</datafield>
</record></metadata></record></GetRecord></OAI-PMH>